ბათუმის შოთა რუსთაველის სახელმწიფო უნივერსიტეტის ბიბლიოთეკა

შრომისა და საზოგადოებრივი საკუთრებისადმი კომუნისტური დამოკიდებულების აღზრდის შესახებ / (ბიბ.ჩანაწერი № 63239)

000 -ლიდერი
ფიქსირებული სიგრძის საკონტროლო ველი 01185nam a22001817a 4500
003 - საკონტროლო ნომრის იდენტიფიკატორი
საკონტროლო ველი Ge_BSU
005 - ბოლო ოპერაციის თარიღი და დრო
საკონტროლო ველი 20250702164200.0
008 - ფიქსირებული სიგრძის მონაცემთა ელემენტები - ზოგადი ინფორმაცია
ფიქსირებული სიგრძის საკონტროლო ველი 250702s1970 ge ||||| |||| 00| 0 geo d
041 ## - ენის კოდი
Language code of text/sound track or separate title geo
080 ## - უნივერსალური ათობითი კლასიფიკაციის ინდექსი
Universal Decimal Classification number 331.103.3 ხ-94
100 ## - მთავარი ჩანაწერი - პიროვნების სახელი
Personal name ხურციძე, ნიჟა,
9 (RLIN) 25585
245 ## - ცნობა სათაურის შესახებ
Title შრომისა და საზოგადოებრივი საკუთრებისადმი კომუნისტური დამოკიდებულების აღზრდის შესახებ /
Statement of responsibility, etc ნიჟა ხურციძე.
264 ## - წარმოების, გამოცემის, დისტრიბუციის და სხვა ცნობები
გამოცემის, წარმოების, დისტრიბუციის... ადგილი თბილისი :
გამოცემის, წარმოების, დისტრიბუციის... სახელწოდება საქ. კპ ცკ-ის გამ-ბა,
გამოცემის, წარმოების, დისტრიბუციის... თარიღი 1970.
300 ## - ფიზიკური აღწერა
Extent 115 გვ. ;
Other physical details 20 სმ.
440 ## - სერიის ცნობა / დამატებულია ჩანაწერი - სათაური
Title იდეოლოგიური მუშაობის საკითხები
9 (RLIN) 25600
653 ## - INDEX TERM--UNCONTROLLED
Uncontrolled term შრომისადმი კომუნისტური დამოკიდებულების აღზრდა. საზოგადოებრივი საკუთრებისადმი კომუნისტური დამოკიდებულების აღზრდა.
942 ## - ADDED ENTRY ELEMENTS (KOHA)
Source of classification or shelving scheme
Koha item type წიგნი
ეგზემპლარები
ჩამოწერის სტატუსი დაკარგული ეგზემპლარის სტატუსი კლასიფიკაციის წყარო ან თაროზე გაწყობის სქემა დაზიანების სტატუსი არ გაიცემა მუდმივი მდებარეობა (დაცვის ადგილი) ამჟამინდელი ადგილსამყოფელი თაროზე განთავსების ადგილი შეძენის თარიღი ღირებულება, შესყიდვის ნორმალური ფასი სრული შენახვის შიფრი შტრიხკოდი ბოლო ოპერაციის თარიღი ეგზემპლარის მიმდევრობითი ნომერი (კეტერი?) ფასის ძალაში შესვლის თარიღი ეგზემპლარის სახეობა საჯარო შენიშვნა
          ბათუმის შოთა რუსთაველის სახელმწიფო უნივერსიტეტის მთავარი ბიბლიოთეკა ბათუმის შოთა რუსთაველის სახელმწიფო უნივერსიტეტის მთავარი ბიბლიოთეკა წიგნსაცავი 2025-07-02 0.00 331.103.3 ხ-94 72048 2025-07-02 72048 2025-07-02 წიგნი 0,24თ.